|
|
|
|
| LEADER |
01077nam a2200337 a 4500 |
| 001 |
28497 |
| 003 |
BD-DhAAL |
| 005 |
20151111020001.0 |
| 008 |
141023s2002 nyua 000 1 eng |
| 010 |
|
|
|a 00062328
|
| 020 |
|
|
|a 0130309605
|
| 020 |
|
|
|a 0130309672
|
| 040 |
|
|
|a DLC
|c DLC
|d DLC
|d BD-DhAAL
|
| 050 |
0 |
0 |
|a PE1128
|b .D675 2001
|
| 082 |
0 |
0 |
|a 428.6/4
|2 21
|
| 999 |
|
|
|c 32985
|d 32985
|
| 999 |
|
|
|c 32985
|
| 999 |
|
|
|c 0
|
| 999 |
|
|
|c 32983
|
| 100 |
1 |
|
|a Draper, C. G.
|9 5833
|
| 245 |
1 |
0 |
|a Great American stories 2 /
|c C.G. Draper.
|
| 246 |
3 |
|
|a Great American stories one
|
| 250 |
|
|
|a 3rd ed.
|
| 260 |
|
|
|a White Plains, NY :
|b Longman,
|c c2002.
|
| 300 |
|
|
|a vi, 166 p. :
|b ill. ;
|c 21 cm.
|
| 541 |
|
|
|e 28496
|
| 650 |
|
0 |
|a English language
|v Textbooks for foreign speakers.
|9 5579
|
| 650 |
|
0 |
|a Short stories, American
|x Adaptations.
|9 5834
|
| 650 |
|
0 |
|a Readers (Secondary)
|9 5835
|
| 942 |
|
|
|2 ddc
|c BK
|0 1
|
| 952 |
|
|
|0 0
|1 0
|2 ddc
|4 0
|6 428_640000000000000_DRA
|7 0
|9 43937
|a BRACUL
|b BRACUL
|c GEN
|d 2014-10-25
|l 3
|m 83
|o 428.64 DRA
|p 3010028497
|r 2026-03-07
|s 2025-10-26
|t 1
|w 2014-10-25
|y BK
|